| 000 | 00943cab a2200241 4500 | ||
|---|---|---|---|
| 001 | WB3505-01 | ||
| 008 | 090401t1999 xxu||||| |||| 00| 0 eng d | ||
| 035 | _a(Sirsi) u91025 | ||
| 041 | _aeng | ||
| 245 | _aAlliance formed | ||
| 260 | _c1999 | ||
| 350 | _a0 | ||
| 490 |
_aContract Journal _v397(6210) 27 January 1999, 4(1) |
||
| 520 | _aTwo bodies whose aims are to improve productivity and promote best practice within the construction industry are to form an alliance. The Construction Productivity Network (CPN) and the Construction Best Practice Programme (CBPP) are to join forces to `get the message of best practice across to a wide spectrum of the industry`. | ||
| 650 | _aBEST PRACTICE | ||
| 650 | _aCONSTRUCTION BEST PRACTICE PROGRAMME | ||
| 650 | _aCONSTRUCTION INDUSTRY | ||
| 650 | _aCONSTRUCTION PRODUCTIVITY NETWORK | ||
| 650 | _aPRODUCTIVITY | ||
| 690 | _aBUILT ENVIRONMENT | ||
| 942 | _n0 | ||
| 948 | _c02/02/1999 | ||
| 999 |
_c57757 _d57757 |
||